Poesías / (Record no. 17987)
[ view plain ]
| 000 -CABECERA | |
|---|---|
| campo de control de longitud fija | 00750nam a2200229 a 4500 |
| 001 - NÚMERO DE CONTROL | |
| campo de control | 000018467 |
| 005 - FECHA Y HORA DE LA ÚLTIMA TRANSACCIÓN | |
| campo de control | 20200929165818.0 |
| 008 - DATOS DE LONGITUD FIJA--INFORMACIÓN GENERAL | |
| campo de control de longitud fija | 100510s1944 sp 000 p spa d |
| 040 ## - FUENTE DE LA CATALOGACIÓN | |
| Centro catalogador/agencia de origen | DO-SdBNP |
| Lengua de catalogación | spa |
| 082 ## - NÚMERO DE LA CLASIFICACIÓN DECIMAL DEWEY | |
| Número de clasificación | 861.5 |
| Número de documento/Ítem | Z88p |
| 049 ## - FONDOS LOCALES (OCLC) | |
| Fondos de biblioteca | BNGR |
| 100 1# - ENTRADA PRINCIPAL--NOMBRE DE PERSONA | |
| Nombre de persona | Zorrilla, José, |
| Fechas asociadas al nombre | 1817-1893 |
| 9 (RLIN) | 4939 |
| 245 10 - MENCIÓN DE TÍTULO | |
| Título | Poesías / |
| Mención de responsabilidad, etc. | Zorrilla ; edición y notas de Narciso Alonso Cortés. |
| 260 ## - PUBLICACIÓN, DISTRIBUCIÓN, ETC. | |
| Lugar de publicación, distribución, etc. | Madrid : |
| Nombre del editor, distribuidor, etc. | Espasa-Calpe,. |
| 490 1# - MENCIÓN DE SERIE | |
| Mención de serie | Clásicos castellanos |
| Designación de volumen o secuencia | 63 |
| 504 ## - NOTA DE BIBLIOGRAFÍA, ETC. | |
| Nota de bibliografía, etc. | Incluye referencias bibliográficas y notas al pie de las páginas |
| 650 #4 - PUNTO DE ACCESO ADICIONAL DE MATERIA--TÉRMINO DE MATERIA | |
| Término de materia o nombre geográfico como elemento de entrada | Poesía española |
| 9 (RLIN) | 631 |
| 650 #4 - PUNTO DE ACCESO ADICIONAL DE MATERIA--TÉRMINO DE MATERIA | |
| Término de materia o nombre geográfico como elemento de entrada | Literatura española |
| 9 (RLIN) | 632 |
| 700 1# - PUNTO DE ACCESO ADICIONAL--NOMBRE DE PERSONA | |
| Nombre de persona | Cortés, Narciso Alnso, |
| Término indicativo de función/relación | ed. |
| Fechas asociadas al nombre | 1875-1972 |
| 9 (RLIN) | 39956 |
| 830 #0 - PUNTO DE ACCESO ADICIONAL DE SERIE-TÍTULO UNIFORME | |
| Título uniforme | Clásicos castellanos ; |
| Designación de volumen o secuencia | 63 |
| 9 (RLIN) | 4180 |
| 910 ## - DATOS DE OPCIÓN DEL USUARIO (OCLC) | |
| Datos de opción del usuario | WM |
No items available.
